000 00389nam a2200133Ia 4500
008 191206s9999 xx 000 0 und d
020 _a908307543
090 _aCGB0063
245 0 _aAdvances in the ecology of Lake Kariba
260 _aUniversity of Zimbabwe Publications
260 _ccc1997
300 _a"271 p. : ill., maps (some col.) ; 24 cm."
999 _c15404
_d15404